Znič to jméno /
Detektivní román s prvky psychologického thrilleru české autorky vypráví příběh dvou sester, které musí po smrti otce vyřešit mnoho otazníků ze svého společného života.
Uloženo v:
| Hlavní autor: | |
|---|---|
| Médium: | E-kniha |
| Jazyk: | Czech |
| Vydáno: |
Praha :
Motto,
2022
|
| Vydání: | 1. vydání |
| Témata: | |
| Tagy: |
Žádné tagy |
| LEADER | 02242nam a2200397 i 4500 | ||
|---|---|---|---|
| 001 | 311707 | ||
| 003 | CZ PrSKC | ||
| 005 | 20260601215710.0 | ||
| 007 | ta | ||
| 008 | 221026s2022 xr g 000 f cze | ||
| 015 | |a cnb003465372 | ||
| 020 | |a 9788026723899 |q (vázáno) : |c Kč 399,00 | ||
| 035 | |a (OCoLC)1354196406 | ||
| 040 | |a ABG001 |b cze |e rda | ||
| 072 | 7 | |a 821.162.3-3 |x Česká próza |2 Konspekt | |
| 080 | |a 821.162.3-31 |2 MRF | ||
| 080 | |a (0:82-312.4) |2 MRF | ||
| 100 | 1 | |a Jašová, Jana, |d 1968- |7 jo20000080723 |4 aut | |
| 245 | 1 | 0 | |a Znič to jméno / |c Jana Jašová |
| 250 | |a 1. vydání | ||
| 264 | 1 | |a Praha : |b Motto, |c 2022 | |
| 300 | |a 379 stran ; |c 21 cm | ||
| 336 | |a text |b txt |2 rdacontent | ||
| 337 | |a bez média |b n |2 rdamedia | ||
| 338 | |a svazek |b nc |2 rdacarrier | ||
| 520 | 2 | |a Detektivní román s prvky psychologického thrilleru české autorky vypráví příběh dvou sester, které musí po smrti otce vyřešit mnoho otazníků ze svého společného života. |b Před osmnácti lety se Klára rozhodla přetrhat všechny vazby s rodným městečkem ve východních Čechách a odjet do Německa. Teď žije a pracuje v Hamburku, kde má zdánlivě všechno, co může chtít: milujícího partnera, místo na univerzitě, přátele, byt v bohémské čtvrti St. Pauli. Když jí ale jedné horké srpnové noci zavolá otec, že ho chce někdo zabít, Klára má pocit, jako by se k ní nevyřešená minulost natáhla přes propast času, aby ji přivedla zpátky domů. Nakladatelská anotace. Kráceno. | |
| 655 | 7 | |a české romány |7 fd133974 |2 czenas | |
| 655 | 7 | |a thrillery (romány) |7 fd184206 |2 czenas | |
| 655 | 9 | |a Czech fiction |2 eczenas | |
| 655 | 9 | |a thrillers (novels) |2 eczenas | |
| 900 | |a ABA001 |b 19 | ||
| 928 | 9 | |a Albatros Media - Motto | |
| 044 | |a xr | ||
| 910 | |a RBIT002 | ||
| 998 | |d 362157 |a https://core.palmknihy.cz/api/books/362157/cover?si6dlr |b https://core.palmknihy.cz/api/books/362157/cover/400?si6dlr |c https://core.palmknihy.cz/api/books/362157/cover/50?si6dlr |e 2032-12-31 |g 384 |i 9788026723899 |j https://core.palmknihy.cz/api/books/362157/preview.epub |k https://core.palmknihy.cz/api/books/362157/preview.pdf |l |q 49 |r 1 |s https://www.palmknihy.cz/kniha/362157 |t ebook |y 2022 |z 0 | ||
| 999 | |d 311705 | ||